[Event "28th Czech Open A 2017"]
[Site "Pardubice CZE"]
[Date "2017.07.27"]
[Round "7.73"]
[White "Drnovsek, Gal"]
[Black "Yuferev, Oleg"]
[Result "1-0"]
[WhiteTitle "IM"]
[BlackTitle "FM"]
[WhiteElo "2440"]
[BlackElo "2247"]
[WhiteFideId "14607077"]
[BlackFideId "4131720"]
[EventDate "2017.07.21"]

1. d4 d5 2. c4 dxc4 3. e4 Nf6 4. e5 Nd5 5. Bxc4 Nb6 6. Bd3 Nc6 7. Be3 g6 8. Nc3
Nb4 9. Be4 Bf5 10. Bxf5 gxf5 11. e6 fxe6 12. a3 N4d5 13. Qh5+ Kd7 14. Nxd5 Nxd5
15. Ne2 Bg7 16. Nf4 Nxf4 17. Bxf4 c6 18. O-O Bf6 19. Rfe1 Qg8 20. Qh3 Rd8 21. d5
cxd5 22. Qb3 Ke8 23. Qxb7 Kf7 24. Qa6 e5 25. Bxe5 Qg7 26. Bc7 Rhg8 27. Qe6+ Ke8
28. g3 Rd7 29. Bf4 Qf7 30. Qc6 Rg6 31. Rac1 Bd4 32. Qa8+ Rd8 33. Rc8 Bb6 34.
Rxd8+ Bxd8 35. Bc7 1-0

[Event "28th Czech Open A 2017"]
[Site "Pardubice CZE"]
[Date "2017.07.27"]
[Round "7.74"]
[White "Glek, Igor"]
[Black "Citra, Dewi Ardhiani Anastasia"]
[Result "1/2-1/2"]
[WhiteTitle "GM"]
[BlackTitle "WFM"]
[WhiteElo "2430"]
[BlackElo "2227"]
[WhiteFideId "4100484"]
[BlackFideId "7101244"]
[EventDate "2017.07.21"]

1. e4 c5 2. Nf3 g6 3. c3 Bg7 4. Bc4 d6 5. d4 cxd4 6. cxd4 Nf6 7. Nc3 O-O 8. Bb3
Nc6 9. h3 b5 10. O-O b4 11. Nd5 Nxd5 12. Bxd5 Bb7 13. Re1 e6 14. Bb3 Na5 15. Bc2
Nc4 16. Bd3 d5 17. e5 Qb6 18. b3 Na3 19. Bg5 Rfc8 20. Qd2 Ba6 21. Bxa6 Qxa6 22.
Rac1 Qb6 23. Rxc8+ Rxc8 24. Rc1 Rxc1+ 25. Qxc1 Qb7 26. Bh6 Nb5 27. Qg5 Qc7 28.
h4 Nc3 29. Bxg7 Kxg7 30. Qf6+ 1/2-1/2

[Event "28th Czech Open A 2017"]
[Site "Pardubice CZE"]
[Date "2017.07.27"]
[Round "7.75"]
[White "Manik, Mikulas"]
[Black "Hollan, Martin"]
[Result "1/2-1/2"]
[WhiteTitle "GM"]
[BlackTitle "FM"]
[WhiteElo "2407"]
[BlackElo "2221"]
[WhiteFideId "14900734"]
[BlackFideId "360937"]
[EventDate "2017.07.21"]

1. e4 c5 2. Nf3 e6 3. d4 cxd4 4. Nxd4 Nf6 5. Nc3 Nc6 6. Nxc6 bxc6 7. e5 Nd5 8.
Ne4 Qc7 9. f4 Qb6 10. c4 Ne3 11. Qd3 Bb4+ 12. Bd2 Ba6 13. b3 O-O 14. Bxb4 Qxb4+
15. Kf2 Nd5 16. g3 f6 17. Qd2 1/2-1/2

[Event "28th Czech Open A 2017"]
[Site "Pardubice CZE"]
[Date "2017.07.27"]
[Round "7.76"]
[White "Mammadova, Narmin"]
[Black "Parkhov, Yair"]
[Result "1/2-1/2"]
[WhiteTitle "WIM"]
[BlackTitle "FM"]
[WhiteElo "2234"]
[BlackElo "2407"]
[WhiteFideId "13403710"]
[BlackFideId "2813408"]
[EventDate "2017.07.21"]

1. e4 c5 2. c3 Nf6 3. e5 Nd5 4. Nf3 Nc6 5. Bc4 Nb6 6. Bb3 d6 7. exd6 Qxd6 8. O-O
Be6 9. Bxe6 Qxe6 10. a4 Qd7 11. a5 Nd5 12. d4 cxd4 13. Nxd4 Nxd4 14. Qxd4 e6 15.
Rd1 Nf6 16. Be3 Be7 17. Qxd7+ Nxd7 18. Na3 Bxa3 19. Rxa3 a6 20. Ra4 O-O-O 1/2-1/2

[Event "28th Czech Open A 2017"]
[Site "Pardubice CZE"]
[Date "2017.07.27"]
[Round "7.78"]
[White "Jedlicka, Ales"]
[Black "Cuhendi, Sean Winshand"]
[Result "0-1"]
[WhiteTitle "FM"]
[BlackTitle "IM"]
[WhiteElo "2200"]
[BlackElo "2398"]
[WhiteFideId "304824"]
[BlackFideId "7101554"]
[EventDate "2017.07.21"]

1. d4 Nf6 2. c4 d6 3. Nc3 Nbd7 4. Nf3 e5 5. e4 g6 6. Be2 Bg7 7. O-O O-O 8. Be3
c6 9. Qc2 Ng4 10. Bg5 f6 11. Bd2 Qe7 12. Rad1 f5 13. d5 f4 14. b4 Ndf6 15. Qb3
cxd5 16. cxd5 Ne8 17. Rc1 Nh6 18. Bb5 Nc7 19. Ne1 g5 20. a4 Nf7 21. Nd1 Nxb5 22.
axb5 Bd7 23. Qd3 g4 24. Rc7 Qd8 25. Rxb7 Qc8 26. Rxd7 Qxd7 27. Nc3 Ng5 28. f3 h5
29. Qe2 Rf6 30. fxg4 hxg4 31. Qd1 Rc8 32. Nd3 Rg6 33. Nf2 g3 34. hxg3 fxg3 35.
Ng4 Rxc3 36. Bxc3 Nxe4 37. Ne3 Nxc3 38. Qc2 e4 39. Nf5 Rg5 40. Nxg7 Qxg7 0-1

[Event "28th Czech Open A 2017"]
[Site "Pardubice CZE"]
[Date "2017.07.27"]
[Round "7.79"]
[White "Jeet, Jain"]
[Black "Koop, Thorben"]
[Result "1-0"]
[BlackTitle "IM"]
[WhiteElo "2191"]
[BlackElo "2389"]
[WhiteFideId "5073022"]
[BlackFideId "24661619"]
[EventDate "2017.07.21"]

1. e4 c5 2. Nf3 e6 3. d4 cxd4 4. Nxd4 Nf6 5. Nc3 Nc6 6. Nxc6 bxc6 7. e5 Nd5 8.
Ne4 Qa5+ 9. c3 Ba6 10. f4 Bxf1 11. Rxf1 f5 12. exf6 Nxf6 13. Nd6+ Bxd6 14. Qxd6
Qf5 15. Be3 Qe4 16. Rf3 Ng4 17. Qd4 Qxd4 18. Bxd4 O-O 19. O-O-O Rf7 20. h3 Nh6
21. Bc5 Rf5 22. b4 d5 23. Re1 e5 24. Rxe5 Rxe5 25. fxe5 Nf7 26. Re3 Ng5 27. c4
Ne6 28. cxd5 cxd5 29. Rd3 a5 30. a3 axb4 31. Bxb4 d4 32. Rf3 Rb8 33. Kc2 h5 34.
Rf5 h4 35. Kd3 Rc8 36. Ke4 Rc2 37. Kd5 Nc7+ 38. Kd6 d3 39. Rf3 Nb5+ 40. Kd7 d2
41. Rd3 Nxa3 42. Rxd2 Rxd2+ 43. Bxd2 Nc4 44. e6 Ne5+ 45. Ke8 Kh7 46. Bc3 1-0

[Event "28th Czech Open A 2017"]
[Site "Pardubice CZE"]
[Date "2017.07.27"]
[Round "7.80"]
[White "Koscielski, Janusz"]
[Black "Dvorak, Adam"]
[Result "1/2-1/2"]
[WhiteTitle "FM"]
[WhiteElo "2354"]
[BlackElo "2185"]
[WhiteFideId "4614437"]
[BlackFideId "346497"]
[EventDate "2017.07.21"]

1. e4 c5 2. Nf3 e6 3. b3 Nc6 4. Bb2 Nf6 5. e5 Nd5 6. c4 Nb6 7. g3 Be7 8. Bg2 f6
9. O-O O-O 10. Na3 d5 11. d3 f5 12. Qe2 d4 13. Nc2 a5 14. a4 Nd7 15. h4 Qc7 1/2-1/2

[Event "28th Czech Open A 2017"]
[Site "Pardubice CZE"]
[Date "2017.07.27"]
[Round "7.81"]
[White "Chekletsov, Ilya"]
[Black "Radkov, Bazhen D."]
[Result "1-0"]
[WhiteTitle "FM"]
[WhiteElo "2350"]
[BlackElo "2179"]
[WhiteFideId "24177156"]
[BlackFideId "24170593"]
[EventDate "2017.07.21"]

1. d4 Nf6 2. c4 g6 3. Nc3 d5 4. Bg5 Ne4 5. Bh4 Nxc3 6. bxc3 dxc4 7. e3 Be6 8.
Be2 Bg7 9. Nh3 O-O 10. Nf4 Bf5 11. Bxc4 c5 12. O-O Nc6 13. Bd5 h6 14. e4 g5 15.
exf5 gxf4 16. Bxc6 bxc6 17. Re1 Re8 18. Qg4 Qd6 19. dxc5 Qxc5 20. f6 exf6 21.
Bxf6 Qf8 22. h3 c5 23. Rad1 Kh8 24. Qxf4 Bxf6 25. Qxf6+ Qg7 26. Qf3 Rxe1+ 27.
Rxe1 Rf8 28. Re4 Qg6 29. Rg4 Qb1+ 30. Kh2 Qb8+ 31. g3 Qd6 32. Rf4 Kg7 33. Rf5
Qe7 34. Qg4+ Kh7 35. Qf4 Kg7 36. Re5 Qf6 37. Qxf6+ Kxf6 38. Rxc5 Rb8 39. Rc6+
Kg7 40. Kg2 Rb2 41. a4 Ra2 42. Rc4 Kf6 43. Kf3 Ke6 44. Ke3 Kd5 45. Rh4 Rc2 46.
Rxh6 Rxc3+ 47. Kf4 Rc2 48. f3 Rc4+ 49. Kf5 Rc3 50. Kg4 Rc4+ 51. f4 Rxa4 52. Rf6
a5 53. Rxf7 Ke6 54. Ra7 Ra1 55. h4 Kf6 56. Ra6+ Kg7 57. Kg5 a4 58. g4 a3 59.
Ra7+ Kf8 60. h5 1-0

[Event "28th Czech Open A 2017"]
[Site "Pardubice CZE"]
[Date "2017.07.27"]
[Round "7.82"]
[White "Gurpreet, Singh Maras"]
[Black "Sochacki, Wojtek"]
[Result "0-1"]
[BlackTitle "FM"]
[WhiteElo "2231"]
[BlackElo "2350"]
[WhiteFideId "5014433"]
[BlackFideId "651389"]
[EventDate "2017.07.21"]

1. e4 e5 2. Nc3 Nf6 3. Bc4 Nxe4 4. Qh5 Nd6 5. Bb3 Be7 6. Nf3 Nc6 7. Nxe5 Nxe5 8.
Qxe5 O-O 9. O-O Bf6 10. Qf4 Bg5 11. Qf3 Qf6 12. Qxf6 Bxf6 13. Nd5 Bd8 14. d4 Nf5
15. c3 c6 16. Ne3 d5 17. Nxf5 Bxf5 18. Bf4 Re8 19. Rfe1 Bf6 20. f3 h5 21. Kf2
Re6 22. Rxe6 Bxe6 23. Bc2 b6 24. Re1 c5 25. Be5 Be7 26. f4 g6 27. Re3 Rc8 28.
Bd3 a5 29. Ba6 Ra8 30. Bb7 Rd8 31. Ba6 Bd6 32. Bxd6 Rxd6 33. Bb5 Rd8 34. Ke2 Kg7
35. Kd2 Kf6 36. Re5 Ke7 37. Bd3 Kf6 38. a3 cxd4 39. cxd4 h4 40. Be2 Ke7 41. Bd3
Rg8 42. Rg5 Rh8 43. Re5 Kd6 44. Re1 Rg8 45. Rf1 Bd7 46. Rf2 Be6 47. Ke3 Bg4 48.
Kd2 Ke6 49. Rf1 Kd6 50. Re1 Bd7 51. Re2 b5 52. Re1 g5 53. fxg5 Rxg5 54. Re2 b4
55. axb4 axb4 56. Rf2 Be6 57. Ke3 Rg4 58. Rc2 Ke7 59. Rf2 Kd7 60. Rc2 Kd6 61.
Rf2 Ke7 62. Rc2 Kf6 63. Rf2+ Kg5 64. Bb1 f5 65. Bd3 f4+ 66. Kd2 h3 67. gxh3 Rh4
68. Be2 Rxh3 69. Bf3 Kf6 70. Ke2 Rh8 71. Kf1 Rc8 72. h4 Rc4 73. Rd2 Bf7 74. Kg2
b3 75. Kg1 Rc2 76. Rf2 Rc4 77. Rd2 Ke6 78. h5 Kf6 79. Kf1 Be6 80. Ke1 Rc1+ 81.
Rd1 Rc2 82. Rd2 Rc1+ 83. Rd1 Rc4 84. Rd3 Bf5 85. Rxb3 Rxd4 86. Rb6+ Ke5 87. h6
Rd3 88. Ke2 Be4 89. Bxe4 dxe4 90. Rb5+ Kd4 91. Rb4+ Kd5 92. Rb5+ Kc4 93. Rh5 f3+
94. Kf2 Rd2+ 95. Kg3 Rg2+ 96. Kh3 Rg1 97. h7 f2 0-1

[Event "28th Czech Open A 2017"]
[Site "Pardubice CZE"]
[Date "2017.07.27"]
[Round "7.83"]
[White "Tate, Alan"]
[Black "Furman, Boris"]
[Result "1-0"]
[WhiteTitle "FM"]
[BlackTitle "FM"]
[WhiteElo "2350"]
[BlackElo "2177"]
[WhiteFideId "2401878"]
[BlackFideId "4107187"]
[EventDate "2017.07.21"]

1. Nf3 d5 2. g3 Nf6 3. Bg2 c5 4. O-O Nc6 5. d4 cxd4 6. Nxd4 e6 7. c4 Bc5 8. Nxc6
bxc6 9. Qc2 Be7 10. b3 O-O 11. Bb2 Qb6 12. Nd2 Bb7 13. Rac1 Rac8 14. e4 Nd7 15.
Qd3 Bf6 16. Bxf6 Nxf6 17. Rfe1 Rfd8 18. Qc2 Ng4 19. c5 Qc7 20. Nf3 Nf6 21. e5
Nd7 22. Qd2 h6 23. Bf1 a5 24. Bd3 Ra8 25. Bb1 Ba6 26. Nd4 Rab8 27. Qc2 Nf8 28.
Qc3 Rb4 29. Re3 Rdb8 30. a3 R4b7 31. Rce1 Ra7 32. Qd2 Bc8 33. h4 Bd7 34. Rf3 Be8
35. Rf4 Qe7 36. Qc2 h5 37. Rf3 g6 38. Qc1 Kg7 39. Rc3 f5 40. exf6+ Qxf6 41. Qe3
Re7 42. f4 Rd8 43. Rc2 Bd7 44. Rce2 Be8 45. Qd2 Rb8 46. Re5 Qf7 47. f5 Bd7 48.
fxg6 Qf6 49. Rg5 1-0

[Event "28th Czech Open A 2017"]
[Site "Pardubice CZE"]
[Date "2017.07.27"]
[Round "7.84"]
[White "Nguyen, Huy Dat"]
[Black "Gheng, Josef"]
[Result "1/2-1/2"]
[BlackTitle "FM"]
[WhiteElo "2180"]
[BlackElo "2347"]
[WhiteFideId "12923486"]
[BlackFideId "4618041"]
[EventDate "2017.07.21"]

1. e4 e5 2. Qh5 Nc6 3. Bc4 Qe7 4. Nc3 Nf6 5. Qd1 d6 6. d3 Bg4 7. f3 Be6 8. Bg5
h6 9. Be3 a6 10. Qd2 Qd7 11. Nd5 Bxd5 12. Bxd5 Nxd5 13. exd5 Ne7 14. c4 c6 15.
dxc6 Nxc6 16. Ne2 d5 17. O-O dxc4 18. dxc4 Qxd2 19. Bxd2 Bc5+ 20. Kh1 O-O-O 21.
Bc3 Rhe8 22. Rab1 Rd3 23. b4 Re3 24. Ng3 Bf8 25. Rfc1 g6 26. b5 Nb8 27. a4 f5
28. c5 Rd8 29. Nf1 Re2 30. Ng3 Re3 31. Nf1 Re2 32. Ng3 1/2-1/2

[Event "28th Czech Open A 2017"]
[Site "Pardubice CZE"]
[Date "2017.07.27"]
[Round "7.85"]
[White "Leeb, Simon"]
[Black "Wenninger, Philipp"]
[Result "1/2-1/2"]
[WhiteElo "2177"]
[BlackElo "2347"]
[WhiteFideId "12924768"]
[BlackFideId "4648404"]
[EventDate "2017.07.21"]

1. d4 d5 2. Nf3 Nf6 3. c4 c6 4. Nc3 dxc4 5. a4 Bf5 6. e3 e6 7. Bxc4 Bb4 8. O-O
O-O 9. Qe2 Nbd7 10. Rd1 Re8 11. h3 Qa5 12. Bd2 e5 13. Qe1 exd4 14. Nxd4 Bg6 15.
f3 Rad8 16. Qf2 Ne5 17. Be2 c5 18. Nb3 Qb6 19. e4 h6 20. a5 Qe6 21. Nxc5 Qc6 22.
Be3 Rxd1+ 23. Rxd1 Rc8 24. Nd3 Nxd3 25. Rxd3 Bxa5 26. Nd5 Nxd5 27. Rxd5 Bc7 28.
Bb5 Qf6 29. Rc5 a6 30. Bd7 Qd6 1/2-1/2

[Event "28th Czech Open A 2017"]
[Site "Pardubice CZE"]
[Date "2017.07.27"]
[Round "7.86"]
[White "Suta, Andraz"]
[Black "Suleymanli, Aydin"]
[Result "1/2-1/2"]
[BlackTitle "CM"]
[WhiteElo "2133"]
[BlackElo "2345"]
[WhiteFideId "14613190"]
[BlackFideId "13413937"]
[EventDate "2017.07.21"]

1. e4 e6 2. d4 d5 3. Nc3 Nf6 4. Bd3 c5 5. Nf3 Nc6 6. exd5 exd5 7. O-O c4 8. Re1+
Be7 9. Bxc4 dxc4 10. d5 Nb4 11. d6 Be6 12. Bf4 Nh5 13. Be5 Bf6 14. Nd4 g6 15.
Bxf6 Qxf6 16. Ne4 Qd8 17. Nc5 O-O 18. Ndxe6 fxe6 19. Nxe6 Qf6 20. Nxf8 Rxf8 21.
Qe2 Qxd6 22. Qxc4+ Rf7 23. a3 Nc6 24. Rad1 Qf6 25. Re8+ Kg7 26. Qc3 Qxc3 27.
bxc3 Nf6 28. Ree1 Kf8 29. f3 Re7 30. Rxe7 Kxe7 31. Kf2 Nd7 32. Re1+ Kf7 33. f4
Nb6 34. Re4 Nd5 35. c4 Nf6 36. Re1 Na5 37. Rb1 Nd7 38. g4 b6 39. Rd1 Ke7 40. Rd4
Nc6 41. Rd1 Na5 42. Rd4 Nb7 43. Re4+ Kf7 44. Rd4 Ke7 45. Re4+ Kf7 46. Rd4 Ndc5
47. Kf3 Ke6 48. h4 Nd6 49. h5 gxh5 50. gxh5 Nd7 51. Rd1 Nxc4 52. Rg1 Nxa3 53.
Rg7 1/2-1/2

[Event "28th Czech Open A 2017"]
[Site "Pardubice CZE"]
[Date "2017.07.27"]
[Round "7.87"]
[White "Nyysti, Sampsa"]
[Black "Kotyk, Vaclav"]
[Result "1/2-1/2"]
[WhiteTitle "IM"]
[WhiteElo "2344"]
[BlackElo "2157"]
[WhiteFideId "502138"]
[BlackFideId "384232"]
[EventDate "2017.07.21"]

1. e4 e5 2. Nf3 Nc6 3. Bc4 Bc5 4. c3 Nf6 5. d3 O-O 6. Bg5 h6 7. Bh4 Be7 8. Nbd2
d6 9. Bb3 Nh7 10. Bg3 Ng5 11. Qe2 Be6 12. Nh4 Bxb3 13. axb3 Ne6 14. Nf5 Bg5 15.
h4 Bf4 16. Bxf4 Nxf4 17. Qf3 Ne7 18. g3 Ne6 19. Qg4 Nxf5 20. exf5 Nc5 21. b4
Nxd3+ 22. Ke2 e4 23. Nxe4 Ne5 24. Qf4 Nd7 25. Rhe1 Nf6 26. Kf3 a6 27. Rad1 Re8
28. Kg2 Rb8 29. Nd2 Qd7 30. Qf3 d5 31. Rxe8+ Rxe8 32. Nc4 Qa4 33. Ne3 Rxe3 34.
fxe3 Qc2+ 35. Kg1 h5 36. Rxd5 Nxd5 37. Qxd5 Qc1+ 38. Kf2 Qxb2+ 39. Kf3 Qxc3 40.
Qxb7 Qd3 41. Qxc7 Qxf5+ 42. Ke2 Qb5+ 43. Kf2 Qxb4 44. Qc8+ Qf8 45. Qxa6 1/2-1/2

[Event "28th Czech Open A 2017"]
[Site "Pardubice CZE"]
[Date "2017.07.27"]
[Round "7.88"]
[White "Flick, Antoine"]
[Black "Eryshkanova, Anastasiya"]
[Result "1-0"]
[WhiteTitle "FM"]
[BlackTitle "WFM"]
[WhiteElo "2331"]
[BlackElo "2156"]
[WhiteFideId "26025736"]
[BlackFideId "24119059"]
[EventDate "2017.07.21"]

1. d4 d5 2. Nf3 Nf6 3. c4 c6 4. Qc2 e6 5. g3 Be7 6. Bg2 O-O 7. O-O b6 8. Nbd2
Bb7 9. e4 dxe4 10. Nxe4 Nbd7 11. Rd1 Nxe4 12. Qxe4 Nf6 13. Qe2 Qc7 14. Bf4 Bd6
15. Ne5 Nd7 16. c5 Bxe5 17. Bxe5 Nxe5 18. dxe5 bxc5 19. Rd6 Qb6 20. Rc1 Rab8 21.
b3 Rbd8 22. Rcd1 a5 23. Be4 g6 24. Qe3 Rb8 25. h4 a4 26. h5 Bc8 27. Qg5 Qb4 28.
Rd8 Ba6 29. h6 Rbxd8 30. Qxd8 Qe1+ 31. Rxe1 Rxd8 32. bxa4 Bc4 33. Bxc6 Bxa2 34.
Rc1 Rc8 35. Bb5 Bd5 36. f4 Kf8 37. Kf2 Ke7 38. Ke3 Rc7 39. a5 Kd8 40. Kd3 Kc8
41. Rb1 Ra7 42. a6 Kc7 43. Kc3 Ra8 44. Bd3 Ra7 45. Ra1 Kb6 46. Bc4 Bc6 47. Rb1+
Kc7 48. Rd1 Ra8 49. Rd2 Rb8 50. Rd6 Rb1 51. Bd3 Ra1 52. g4 Ra3+ 53. Kd2 Bd7 54.
Bc4 Bc6 55. f5 gxf5 56. gxf5 Bd5 57. Bxd5 exd5 58. Rf6 d4 59. Rxf7+ Kc6 60. a7
c4 61. e6 Ra2+ 62. Kc1 d3 63. e7 Kd7 64. e8=Q+ Kxe8 65. Rxh7 1-0

[Event "28th Czech Open A 2017"]
[Site "Pardubice CZE"]
[Date "2017.07.27"]
[Round "7.89"]
[White "Vyskocil, Neklan"]
[Black "Karousos-Theodorakis, Nikolaos"]
[Result "1/2-1/2"]
[WhiteTitle "IM"]
[WhiteElo "2329"]
[BlackElo "2153"]
[WhiteFideId "307106"]
[BlackFideId "4275829"]
[EventDate "2017.07.21"]

1. e4 c5 2. Nf3 d6 3. Bb5+ Nd7 4. O-O a6 5. Bd3 Ngf6 6. a4 b6 7. Qe2 g6 8. c3
Bg7 9. Bc2 e5 10. d4 cxd4 11. cxd4 exd4 12. Nxd4 O-O 13. Nc3 h6 14. Bf4 Nh5 15.
Be3 Bb7 16. Rad1 Nhf6 17. Nf3 Qe7 18. Bd4 Rfe8 19. Rfe1 Rac8 20. Qd2 Ne5 21. Bb3
Nfg4 22. Qe2 Qc7 23. h3 Nf6 24. Qe3 Nc4 25. Bxc4 Qxc4 26. Bxf6 Bxf6 27. Qxb6
Bxe4 28. Nxe4 Rxe4 29. Rxe4 Qxe4 30. Qxa6 Ra8 31. Qxd6 Rd8 32. Qxd8+ Bxd8 33.
Rxd8+ Kg7 34. Rd4 Qb1+ 35. Kh2 Qxb2 1/2-1/2

[Event "28th Czech Open A 2017"]
[Site "Pardubice CZE"]
[Date "2017.07.27"]
[Round "7.90"]
[White "Bilchinski, Anton"]
[Black "Ungurs, Edgars"]
[Result "1-0"]
[WhiteTitle "FM"]
[WhiteElo "2327"]
[BlackElo "2142"]
[WhiteFideId "24615765"]
[BlackFideId "11601205"]
[EventDate "2017.07.21"]

1. d4 Nf6 2. c4 c5 3. d5 b5 4. cxb5 a6 5. bxa6 g6 6. Nc3 Bg7 7. e4 O-O 8. Be2
Qa5 9. Bd2 Bxa6 10. e5 Ne8 11. Nf3 d6 12. e6 Nc7 13. exf7+ Rxf7 14. Nb5 Qb6 15.
Nxc7 Qxc7 16. Bxa6 Rxa6 17. Bc3 Bxc3+ 18. bxc3 Ra3 19. O-O Nd7 20. Qe2 Nf8 21.
c4 h6 22. Qd2 g5 23. Rfe1 Qd7 24. Re3 Qa4 25. Re4 Ng6 26. Re6 Rf6 27. Rxf6 exf6
28. Qb2 Rd3 29. Rf1 Kf7 30. Qb7+ Kg8 31. Qb8+ Kg7 32. Qc7+ Kg8 33. Qxd6 Qxc4 34.
Qxf6 Nf4 35. Re1 1-0

[Event "28th Czech Open A 2017"]
[Site "Pardubice CZE"]
[Date "2017.07.27"]
[Round "7.91"]
[White "Lerch, Philipp"]
[Black "Kwon, Sehyun"]
[Result "1-0"]
[WhiteTitle "FM"]
[BlackTitle "CM"]
[WhiteElo "2320"]
[BlackElo "2087"]
[WhiteFideId "4654129"]
[BlackFideId "13203088"]
[EventDate "2017.07.21"]

1. Nf3 Nf6 2. c4 c5 3. e3 g6 4. d4 cxd4 5. exd4 d5 6. Nc3 Bg7 7. cxd5 Nxd5 8.
Bb5+ Bd7 9. Qb3 Nxc3 10. bxc3 Bxb5 11. Qxb5+ Qd7 12. Rb1 b6 13. Ne5 Qxb5 14.
Rxb5 Nd7 15. f4 Rc8 16. Kd2 Nxe5 17. fxe5 Rc4 18. Kd3 Ra4 19. a3 Kd7 20. Rb4 Ra5
21. a4 f6 22. exf6 Bxf6 23. Rf1 Rc8 24. Be3 Ke8 25. Kc2 Rd8 26. Kb3 Rdd5 27. g4
Bg5 28. Bf2 Bf4 29. c4 Rd8 30. Rb5 Rxb5+ 31. axb5 Kd7 32. Ra1 Bb8 33. c5 Rf8 34.
c6+ Kc8 35. Bh4 Kd8 36. Kc4 Rf4 37. Bg3 1-0

[Event "28th Czech Open A 2017"]
[Site "Pardubice CZE"]
[Date "2017.07.27"]
[Round "7.92"]
[White "Nun, Jiri"]
[Black "Cerny, David"]
[Result "1/2-1/2"]
[WhiteTitle "IM"]
[WhiteElo "2303"]
[BlackElo "2035"]
[WhiteFideId "300179"]
[BlackFideId "369551"]
[EventDate "2017.07.21"]

1. e4 c5 2. Nf3 d6 3. c3 Nf6 4. Be2 Nc6 5. d4 cxd4 6. cxd4 d5 7. e5 Ne4 8. O-O
Bg4 9. Nc3 e6 10. Ne1 Nxc3 11. bxc3 Bxe2 12. Qxe2 Be7 13. f4 g6 14. Rb1 Qd7 15.
Nd3 Na5 16. Bd2 Nc4 17. Be1 Rc8 18. g4 b6 19. Kh1 h5 20. f5 hxg4 21. fxg6 fxg6
22. Qxg4 g5 23. Rf3 Kd8 24. Nb2 Nxb2 25. Rxb2 Kc7 26. Bg3 Rcf8 27. Rbf2 Rxf3 28.
Rxf3 Bd8 29. Rf2 Rh7 30. Qf3 Qb5 31. Qd1 Qc4 32. Qc2 Rg7 33. Kg2 Kd7 34. a4 1/2-1/2

[Event "28th Czech Open A 2017"]
[Site "Pardubice CZE"]
[Date "2017.07.27"]
[Round "7.93"]
[White "Shemyakin, Valeriy"]
[Black "Mertanen, Janne"]
[Result "1/2-1/2"]
[BlackTitle "FM"]
[WhiteElo "2173"]
[BlackElo "2302"]
[WhiteFideId "14132818"]
[BlackFideId "501875"]
[EventDate "2017.07.21"]

1. e4 Nf6 2. e5 Nd5 3. d4 d6 4. c4 Nb6 5. exd6 exd6 6. Nc3 Be7 7. Be3 c6 8. b3
Bf5 9. Bd3 Bxd3 10. Qxd3 d5 11. Nf3 Na6 12. Ne5 Bf6 13. f4 Bxe5 14. fxe5 Qh4+
15. g3 Qg4 16. a3 Nc7 17. O-O Qg6 18. Qe2 O-O 19. Rf3 Rad8 20. Raf1 Ne6 21. Rf6
gxf6 22. Rxf6 dxc4 23. Rxg6+ fxg6 24. Qg4 Rf5 25. bxc4 Nxc4 26. Bf2 Nd2 27. Ne4
Nxe4 28. Qxe4 Rd5 29. Be3 Rb5 30. g4 Rf7 31. a4 Rd5 32. h4 Kg7 33. h5 g5 34. Kg2
a6 35. Kg3 b5 36. axb5 axb5 37. Qc2 Nxd4 38. Bxd4 Rxd4 39. Qxc6 Rd3+ 40. Kg2
Rd2+ 41. Kg3 Rd3+ 1/2-1/2

[Event "28th Czech Open A 2017"]
[Site "Pardubice CZE"]
[Date "2017.07.27"]
[Round "7.94"]
[White "Hacker, Jonas"]
[Black "Horak, Martin"]
[Result "1/2-1/2"]
[WhiteTitle "FM"]
[WhiteElo "2297"]
[BlackElo "2073"]
[WhiteFideId "1270968"]
[BlackFideId "367095"]
[EventDate "2017.07.21"]

1. e4 c5 2. Nf3 Nc6 3. d4 cxd4 4. Nxd4 g6 5. c4 Bg7 6. Be3 Nf6 7. Nc3 Ng4 8.
Qxg4 Nxd4 9. Qd1 Ne6 10. Qd2 Qa5 11. Rc1 b6 12. Be2 Bb7 13. f3 h5 14. O-O g5 15.
Rfd1 d6 16. Nd5 Qxd2 17. Rxd2 h4 18. b4 Rc8 19. a4 Be5 20. Rcc2 f6 21. Rd1 Kf7
22. Ra2 Ba6 23. b5 Bb7 24. a5 Bxd5 25. exd5 Nc5 26. Rb1 Rc7 27. Ra3 Rb8 28. Bf2
f5 29. g3 hxg3 30. hxg3 f4 31. g4 Rh8 32. Kg2 Rcc8 33. Rh1 Rxh1 34. Kxh1 Bb2 35.
Ra2 Bc3 36. axb6 axb6 37. Kg2 Rb8 38. Ra7 Kf6 39. Bd1 Rf8 40. Bc2 Rb8 41. Bf5
Rh8 42. Rc7 Na4 43. Rb7 Ra8 44. Be4 Rc8 45. Bd3 Nb2 46. Bf5 Ra8 47. Rxb6 Nd1 48.
Ra6 Rh8 49. Ra3 Nxf2 50. Kxf2 Bd4+ 51. Ke2 Bc5 52. Ra4 Rh2+ 53. Kd3 Rb2 54. Kc3
Re2 55. Be4 Ke5 56. Kd3 Re3+ 57. Kc2 Kd4 58. Ra2 Re2+ 59. Kb3 Re3+ 60. Kc2 Re2+
61. Kb3 Re3+ 62. Kc2 Re2+ 1/2-1/2

[Event "28th Czech Open A 2017"]
[Site "Pardubice CZE"]
[Date "2017.07.27"]
[Round "7.95"]
[White "Blodig, Constantin"]
[Black "Rakesh, Kumar Jena"]
[Result "0-1"]
[BlackTitle "FM"]
[WhiteElo "2099"]
[BlackElo "2283"]
[WhiteFideId "24696790"]
[BlackFideId "5084822"]
[EventDate "2017.07.21"]

1. e4 c5 2. Nc3 e6 3. g3 Nc6 4. Bg2 Nf6 5. d3 d5 6. Nh3 d4 7. Ne2 e5 8. O-O Be7
9. f4 O-O 10. f5 Ng4 11. Bf3 Ne3 12. Bxe3 dxe3 13. Nc3 c4 14. Nd5 Bc5 15. Kg2
cxd3 16. Qxd3 Ne7 17. Rad1 Nxd5 18. Qxd5 Qxd5 19. Rxd5 b6 20. Ng1 Bb7 21. Rdd1
h5 22. Ne2 Rad8 23. Nc1 g5 24. fxg6 fxg6 25. h3 Rd2+ 26. Rxd2 exd2 27. Nb3 Be3
28. Rd1 Rd8 29. Kf1 Ba6+ 30. Kg2 Rc8 31. Na1 Kg7 32. h4 g5 33. hxg5 Kg6 34. Rh1
Rf8 35. Nb3 Bc8 36. Bxh5+ Kxg5 37. Bf3 Bg4 38. Nxd2 Bxd2 39. Bxg4 Kxg4 40. Rh7
a5 41. Re7 Be3 42. Rg7+ Bg5 43. Rb7 Rd8 44. Rxb6 Rd2+ 45. Kf1 Kf3 46. Kg1 Be3+ 0-1

[Event "28th Czech Open A 2017"]
[Site "Pardubice CZE"]
[Date "2017.07.27"]
[Round "7.96"]
[White "Pranav, Anand"]
[Black "Pajeken, Wolfgang"]
[Result "1/2-1/2"]
[BlackTitle "FM"]
[WhiteElo "2098"]
[BlackElo "2274"]
[WhiteFideId "46626786"]
[BlackFideId "4622170"]
[EventDate "2017.07.21"]

1. e4 e5 2. Nf3 Nc6 3. Bb5 g6 4. O-O Bg7 5. c3 a6 6. Ba4 Nge7 7. d4 exd4 8. cxd4
b5 9. Bb3 O-O 10. Bg5 h6 11. Bh4 d6 12. Nc3 Bg4 13. Ne2 g5 14. Bg3 d5 15. exd5
Nxd5 16. h3 Bxf3 17. gxf3 Nde7 18. Rc1 Nxd4 19. Nxd4 Qxd4 20. Qxd4 Bxd4 21. Rxc7
Nf5 22. Kg2 Kg7 23. Rd1 Rad8 24. Rd2 a5 25. a3 Nxg3 26. fxg3 Bb6 27. Rxd8 Bxc7
28. Rd5 Rd8 1/2-1/2